000 01141nam a2200241 a 4500
001
003 DO-SdBNP
005 20230209120250.0
008 100330s1995 dr a 000 0 spa d
040 _aDO-SdBNP
_bspa
_cBPMSU
082 _aR920.07293
_bP438m 1995
_222
100 1 _aPérez Reyes, Héctor,
_d1927-
245 1 0 _aMis dominicanos /
_cHéctor Pérez Reyes ; edición Tomás Castro
260 _aSanto Domingo :
_bTaller,
_c1995.
300 _av. :
_bil. ;
_c23 cm.
505 0 _aManuel de Js. Troncoso de la Concha -- Julio Ortega Frier -- Ramón Marrero Aristy -- Víctor Gárrido -- Generoso Nuñez -- Ludovino Fernández -- Federico C. Álvarez -- Virgilio Álvarez Pina -- Manuel María Guerrero -- Polibio Díaz -- Rafael Paino Pichardo -- Hipolito Herrera Billini -- Rafael Filiberto Bonelly -- Ángel María Liz -- Julio César Martínez -- Emma Balaguer de Vallejo -- Cesár A. Herrera y Rafael Herrera Cabral.
590 _6Inventariado, 2021/VM
651 4 _aRepública Dominicana
_xBiografías
651 4 _aRepública Dominicana
_xHistoria
700 1 _aCastro, Tomás
_eed.
910 _a Vmateo V.
942 _2ddc
_cBK
999 _c13675
_d13675